Úlohou BESO je pomáhať Slovensku Pomoc prišla z britských ostrovov

Úloha organizácie BESO (British Executive Service Overseas). Poskytovanie know-how a britských expertov krajinám, ktoré o to prejavia záujem. Organizácia bola založená pred 22 rokmi vládou V. Británie v spolupráci s Konfederáciou britského priemyslu a Radou riaditeľov. Zastúpenie BESO na Slovensku.

Na minha lista:
Detalhes bibliográficos
Autor principal: Šingliar, M.
Formato: Capítulo de Livro
Idioma:eslovaco
Assuntos:
Tags: Adicionar Tag
Sem tags, seja o primeiro a adicionar uma tag!

MARC

LEADER 00000naa a2200000 4500
001 r000697
005 20221213123300.3
041 0 |a slo 
044 |a SK 
245 1 0 |a Úlohou BESO je pomáhať Slovensku  |b Pomoc prišla z britských ostrovov  |c M. Šingliar 
520 |a Úloha organizácie BESO (British Executive Service Overseas). Poskytovanie know-how a britských expertov krajinám, ktoré o to prejavia záujem. Organizácia bola založená pred 22 rokmi vládou V. Británie v spolupráci s Konfederáciou britského priemyslu a Radou riaditeľov. Zastúpenie BESO na Slovensku. 
610 2 0 |a pomoc zahraničná 
610 2 0 |a BESO 
610 2 0 |a experti 
610 2 0 |a podnikanie 
610 2 0 |a Slovensko 
100 1 |a Šingliar, M.